000 00589cam a2200205 4500500
005 20260329003520.0
041 _afre
042 _adc
100 1 0 _aEnjalbert, Cédric
_eauthor
245 0 0 _aNaissance du troisième genre
260 _c2015.
500 _a15
690 _aGenre
690 _aJudith Butler
690 _aphilo
690 _aphilosophie
690 _aSexe
786 0 _nPhilosophie magazine | 95 | 12-1 | 2015-12-01 | p. 10-10 | 1951-1787
856 4 1 _uhttps://shs.cairn.info/magazine-philosophie-magazine-2015-12-1-page-10?lang=fr&redirect-ssocas=7080
999 _c1825223
_d1825223